| 000 | 00729nam a2200229 4500 | ||
|---|---|---|---|
| 008 | 210119b ||||| |||| 00| 0 eng d | ||
| 040 |
_bger _cDE-2950 _erda _aDE-2950 |
||
| 041 | _ager | ||
| 100 |
_aRolka, Milena: _b1987- |
||
| 245 |
_aHeinrich von Kleist in Berlin [1800 - 1811] / _cMilena Rolka |
||
| 260 |
_aFrankfurt (Oder): _bKleist-Museum, |
||
| 264 | _c2024 | ||
| 300 | _a30 S. | ||
| 490 |
_aFrankfurter Buntbücher ; _v74 |
||
| 600 | _a Kleist, Heinrich von; Schriftsteller, Librettist, Lyriker, 1777-1811 | ||
| 651 | _aBerlin | ||
| 773 |
_dFrankfurt (Oder): Kleist-Museum, 2023 _tFrankfurter Buntbücher _gBd. 74, S. 4-30 |
||
| 942 | _cA | ||
| 999 |
_c373156 _d373156 |
||